00395pam a2200145a 44500008004100000020002400041082001500065100001900080245006600099250001200165260003200177300001000209906001100219999001900230230405s2015 xxu||||| |||| 00| 0 eng d a935025557XcRs. 850 a618.2bJAC aJacob, Annamma aComprehensive Textbook of Midwifery and Gynecological Nursing a4th Ed. aNew DelhibJaypee Pubc2015 a993 p a003449 c252369d252369